[Event "Stillwater Fall op"]
[Site "Stillwater"]
[Date "2012.10.06"]
[Round "3"]
[White "Orton, William R"]
[Black "Patton, Thomas A"]
[Result "1/2-1/2"]
[WhiteElo "2135"]
[BlackElo "2068"]
[PlyCount "50"]
[EventDate "2012.10.06"]
[EventType "swiss"]
[EventRounds "5"]
[EventCountry "USA"]
[SourceTitle "CBM 150 Extra"]
[Source "ChessBase"]
[SourceDate "2012.10.19"]
[SourceVersion "1"]
[SourceVersionDate "2012.10.19"]
[SourceQuality "1"]

1. e4 c6 2. d4 d5 3. exd5 cxd5 4. c4 Nf6 5. Nc3 e6 6. c5 Be7 7. Bd3 0-0 8. a3 a5 9. Na4 Bd7 10. Nb6 Ra7 11. Bf4 Nc6 12. Nf3 Be8 13. Qc2 Ne4 14. Bxe4 dxe4 15. Qxe4 Nxd4 16. Qxd4 Qxd4 17. Nxd4 Bxc5 18. Ne2 Bxb6 19. Bd6 Bc6 20. Bxf8 Kxf8 21. f3 a4 22. 0-0-0 Ra5 23. Nd4 Bd5 24. Kb1 Bc4 25. Nc2 Ke7 1/2-1/2

[Event "Stillwater Hanken Winter op 3rd"]
[Site "Stillwater"]
[Date "2012.02.20"]
[Round "8"]
[White "O'Hare, Ciaran"]
[Black "Orton, William R"]
[Result "1/2-1/2"]
[WhiteElo "1952"]
[BlackElo "2165"]
[PlyCount "96"]
[EventDate "2012.02.18"]
[EventType "swiss"]
[EventRounds "8"]
[EventCountry "USA"]
[SourceTitle "CBM 147 Extra"]
[Source "ChessBase"]
[SourceDate "2012.04.24"]
[SourceVersion "1"]
[SourceVersionDate "2012.04.24"]
[SourceQuality "1"]

1. e4 c5 2. Nc3 e6 3. g3 d5 4. d3 dxe4 5. dxe4 Qxd1+ 6. Nxd1 Nc6 7. Bg2 Bd7 8. Ne2 0-0-0 9. c3 Ne5 10. 0-0 Bb5 11. c4 Bxc4 12. Ndc3 Nf6 13. b3 Ba6 14. a4 Nd3 15. Nb5 Nxc1 16. Raxc1 Kb8 17. Nec3 Be7 18. Rfd1 Bxb5 19. Nxb5 a6 20. Na3 Rxd1+ 21. Rxd1 Rd8 22. Rxd8+ Bxd8 23. Nc4 Bc7 24. f4 Nd7 25. Kf2 Ka7 26. e5 Nb6 27. Nxb6 Bxb6 28. Ke2 Ba5 29. Kd3 Be1 30. f5 exf5 31. Bd5 Kb6 32. Bxf7 Kc6 33. Be6 g6 34. g4 fxg4 35. Bxg4 Kd5 36. Bf3+ Kxe5 37. Bxb7 a5 38. Ke3 Bb4 39. Ba6 Ba3 40. Bc4 Bc1+ 41. Kf3 Kf5 42. h3 Bd2 43. Bg8 h6 44. Bf7 Kf6 45. Bc4 Kg5 46. Bf7 Kh4 47. Bxg6 Kxh3 48. Bf5+ Kh4 1/2-1/2

[Event "Oklahoma City op 66th"]
[Site "Oklahoma"]
[Date "2011.07.09"]
[Round "2"]
[White "O'Hare, Ciaran"]
[Black "Orton, William R"]
[Result "0-1"]
[WhiteElo "1932"]
[BlackElo "2139"]
[PlyCount "90"]
[EventDate "2011.07.09"]
[EventType "swiss"]
[EventRounds "5"]
[EventCountry "USA"]
[SourceTitle "CBM 143 Extra"]
[Source "ChessBase"]
[SourceDate "2011.08.29"]
[SourceVersion "1"]
[SourceVersionDate "2011.08.29"]
[SourceQuality "1"]

1. e4 c5 2. Nc3 e6 3. f4 a6 4. Nf3 b5 5. d3 Bb7 6. a4 b4 7. Ne2 d5 8. Ng3 g6 9. exd5 Qxd5 10. c4 bxc3 11. bxc3 Bg7 12. Bb2 Qd8 13. Be2 Nd7 14. Rb1 Qc7 15. Qd2 Rb8 16. 0-0 Ne7 17. d4 0-0 18. Kh1 Rfd8 19. Qc1 Nd5 20. Ne5 cxd4 21. cxd4 Qxc1 22. Bxc1 Nc3 23. Ra1 Nxe2 24. Nxe2 Nf6 25. Kg1 Nd5 26. Bd2 f6 27. Nf3 Bf8 28. Rab1 Bc6 29. a5 Bb5 30. Kf2 Rbc8 31. Rfc1 Ba3 32. Rxc8 Rxc8 33. Rb3 Bd6 34. g3 Rc2 35. Nc3 Bc4 36. Nxd5 Bxd5 37. Rb6 Bc7 38. Rxa6 Bxf3 39. Kxf3 Rxd2 40. Ra8+ Kf7 41. Ra7 Rc2 42. Rb7 Ke7 43. a6 Kd6 44. a7 Ra2 45. Rb8 Rxa7 0-1

[Event "Oklahoma City op 66th"]
[Site "Oklahoma"]
[Date "2011.07.09"]
[Round "1"]
[White "Orton, William R"]
[Black "Lee, Wellington"]
[Result "1-0"]
[WhiteElo "2139"]
[BlackElo "2019"]
[PlyCount "45"]
[EventDate "2011.07.09"]
[EventType "swiss"]
[EventRounds "5"]
[EventCountry "USA"]
[SourceTitle "CBM 143 Extra"]
[Source "ChessBase"]
[SourceDate "2011.08.29"]
[SourceVersion "1"]
[SourceVersionDate "2011.08.29"]
[SourceQuality "1"]

1. e4 Nf6 2. e5 Nd5 3. d4 d6 4. c4 Nb6 5. exd6 exd6 6. Bd3 Nc6 7. Be3 Be7 8. Nc3 Bf6 9. Nge2 0-0 10. b3 Re8 11. 0-0 g6 12. Qd2 Ne7 13. Ng3 Kh8 14. Rae1 Ng8 15. Bb1 Nd7 16. f4 Nf8 17. f5 c6 18. Nce4 d5 19. Nxf6 Nxf6 20. fxg6 fxg6 21. Bg5 N8d7 22. Rxe8+ Qxe8 23. Bxf6+ 1-0

[Event "Stillwater Thanksgiving op 2nd"]
[Site "Stillwater"]
[Date "2010.11.20"]
[Round "1"]
[White "Orton, William R"]
[Black "Williams, Jeffrey"]
[Result "1/2-1/2"]
[WhiteElo "2148"]
[BlackElo "1743"]
[PlyCount "53"]
[EventDate "2010.11.20"]
[EventType "swiss"]
[EventRounds "5"]
[EventCountry "USA"]
[SourceTitle "CBM 139 Extra"]
[Source "ChessBase"]
[SourceDate "2011.01.05"]
[SourceVersion "1"]
[SourceVersionDate "2011.01.05"]
[SourceQuality "1"]

1. e4 e6 2. d4 d5 3. e5 c5 4. Nf3 Nc6 5. Bd3 cxd4 6. 0-0 Nh6 7. a3 Nf5 8. Re1 Be7 9. Nbd2 0-0 10. Nb3 Bd7 11. Bxf5 exf5 12. Nbxd4 Be6 13. Qd3 Qd7 14. b4 Rac8 15. Bd2 Nxd4 16. Nxd4 Rc4 17. f4 Rfc8 18. Re2 a5 19. c3 Bd8 20. Kh1 Bb6 21. bxa5 Bxa5 22. Rc1 Bb6 23. Rf1 Qa4 24. g3 Bxd4 25. cxd4 Rc2 26. Rff2 R2c4 27. Kg2 1/2-1/2

[Event "Stillwater Hanken Winter op 1st"]
[Site "Stillwater"]
[Date "2010.02.15"]
[Round "7"]
[White "Orton, William R"]
[Black "Veal, Joe Dean"]
[Result "1-0"]
[WhiteElo "2168"]
[BlackElo "2028"]
[PlyCount "91"]
[EventDate "2010.02.13"]
[EventType "swiss"]
[EventRounds "7"]
[EventCountry "USA"]
[SourceTitle "CBM 135 Extra"]
[Source "ChessBase"]
[SourceDate "2010.05.04"]
[SourceVersion "1"]
[SourceVersionDate "2010.05.04"]
[SourceQuality "1"]

1. e4 e6 2. d4 d5 3. e5 c5 4. c3 Nc6 5. Nf3 Qb6 6. a3 f6 7. Bd3 fxe5 8. Nxe5 Nf6 9. 0-0 Bd6 10. Nxc6 Qxc6 11. dxc5 Bxc5 12. Qe2 0-0 13. b4 Bd6 14. c4 Bd7 15. Bb2 Rae8 16. Nd2 Qc7 17. g3 b6 18. Rac1 Qb8 19. Bb1 Bc6 20. cxd5 Bxd5 21. Ne4 Nxe4 22. Bxe4 Qb7 23. Rfe1 Bxe4 24. Qxe4 Qxe4 25. Rxe4 Bb8 26. Rc6 e5 27. b5 Rf3 28. a4 Rb3 29. Rc2 Kf7 30. Rce2 Rd8 31. Bxe5 Bxe5 32. Rxe5 Rd7 33. Kg2 Rb4 34. R5e4 Rxe4 35. Rxe4 Kf6 36. Kf3 Rd2 37. Rc4 Ra2 38. h3 g6 39. Ke3 h5 40. f3 Ra1 41. h4 Re1+ 42. Kf4 Re7 43. Rc6+ Kf7 44. Kg5 Re5+ 45. Kh6 Rc5 46. Rxg6 1-0

[Event "North American op 27th"]
[Site "Stillwater"]
[Date "2009.05.25"]
[Round "7"]
[White "Orton, William R"]
[Black "Long, James"]
[Result "1-0"]
[WhiteElo "2146"]
[BlackElo "2019"]
[PlyCount "119"]
[EventDate "2009.05.23"]
[EventType "swiss"]
[EventRounds "7"]
[EventCountry "USA"]
[SourceTitle "CBM 130 Extra"]
[Source "ChessBase"]
[SourceDate "2009.07.02"]
[SourceVersion "2"]
[SourceVersionDate "2009.07.15"]
[SourceQuality "1"]

1. e4 d5 2. exd5 Qxd5 3. d4 Nc6 4. Nf3 Bg4 5. Be2 0-0-0 6. Be3 Qa5+ 7. c3 e5 8. Nxe5 Bxe2 9. Nxc6 Bxd1 10. Nxa5 Bg4 11. Nd2 Nf6 12. 0-0 Nd5 13. Rfe1 Nxe3 14. fxe3 Be7 15. Nac4 Bh4 16. g3 Bg5 17. Ne5 Be6 18. Ne4 Be7 19. b4 f6 20. Nf3 g5 21. Nc5 Bg4 22. Nd2 b6 23. Nce4 h5 24. Nf2 Bd7 25. a3 g4 26. Nd3 h4 27. Nf4 hxg3 28. hxg3 Rh6 29. Kg2 Bc6+ 30. e4 f5 31. d5 fxe4 32. c4 Bf6 33. Ra2 Rdh8 34. Nf1 Ba4 35. Rae2 Bc3 36. Rc1 Bd4 37. Ne6 Bf6 38. Rxe4 Bb2 39. Rce1 Bc3 40. R1e3 Bd1 41. Rxc3 Bf3+ 42. Rxf3 gxf3+ 43. Kxf3 Rh1 44. Ne3 Ra1 45. Rf4 Kb7 46. Rf7 Rxa3 47. Nxc7 Kb8 48. Nb5 Rb3 49. Nxa7 Re8 50. Nc6+ Kc8 51. Ne7+ Kd8 52. d6 Kd7 53. c5 bxc5 54. bxc5 Ke6 55. Rf4 Ra8 56. Re4+ Kd7 57. Rd4 Raa3 58. c6+ Ke8 59. N7f5 Rc3 60. c7 1-0

[Event "North American op 27th"]
[Site "Stillwater"]
[Date "2009.05.24"]
[Round "3"]
[White "Orton, William R"]
[Black "Berry, James E"]
[Result "1-0"]
[WhiteElo "2146"]
[BlackElo "2047"]
[PlyCount "59"]
[EventDate "2009.05.23"]
[EventType "swiss"]
[EventRounds "7"]
[EventCountry "USA"]
[SourceTitle "CBM 130 Extra"]
[Source "ChessBase"]
[SourceDate "2009.07.02"]
[SourceVersion "2"]
[SourceVersionDate "2009.07.15"]
[SourceQuality "1"]

1. e4 c6 2. d4 d5 3. exd5 cxd5 4. c4 Nf6 5. Nc3 Nc6 6. Nf3 e6 7. c5 Be7 8. Bb5 Bd7 9. Bxc6 Bxc6 10. 0-0 0-0 11. Ne5 Nd7 12. f4 Qc7 13. b4 f6 14. Nxd7 Qxd7 15. a4 b5 16. Qe2 a6 17. Re1 e5 18. axb5 axb5 19. Rxa8 Rxa8 20. fxe5 fxe5 21. Qxe5 Bf6 22. Qf4 Rf8 23. Be3 g5 24. Qg3 h6 25. Bf2 Qg7 26. Qd3 g4 27. Re6 Bd7 28. Rd6 Bf5 29. Qxf5 Bxd4 30. Qxd5+ 1-0

[Event "North American op 27th"]
[Site "Stillwater"]
[Date "2009.05.23"]
[Round "2"]
[White "Wright, Terry"]
[Black "Orton, William R"]
[Result "1/2-1/2"]
[WhiteElo "2023"]
[BlackElo "2146"]
[PlyCount "72"]
[EventDate "2009.05.23"]
[EventType "swiss"]
[EventRounds "7"]
[EventCountry "USA"]
[SourceTitle "CBM 130 Extra"]
[Source "ChessBase"]
[SourceDate "2009.07.02"]
[SourceVersion "2"]
[SourceVersionDate "2009.07.15"]
[SourceQuality "1"]

1. e4 c5 2. g3 d5 3. exd5 Qxd5 4. Nf3 Bg4 5. Bg2 Qe6+ 6. Qe2 Qxe2+ 7. Kxe2 Nc6 8. Kf1 e5 9. Na3 f6 10. d3 0-0-0 11. Be3 Nd4 12. Nd2 Nf5 13. Ndc4 Nxe3+ 14. Nxe3 Be6 15. Bf3 Nh6 16. Kg2 g6 17. Rhd1 Nf7 18. c4 Ng5 19. Bd5 Bh3+ 20. Kg1 Ne6 21. Nb5 Kb8 22. Bg2 Bxg2 23. Kxg2 Bh6 24. Nd5 Rhf8 25. b4 a6 26. Nbc3 cxb4 27. Nxb4 Bg7 28. Rab1 Ka7 29. Nbd5 Rf7 30. Rb6 Nc5 31. Rbb1 f5 32. f3 Rfd7 33. a4 e4 34. d4 exf3+ 35. Kxf3 Ne6 36. Ne2 Rd6 1/2-1/2

[Event "Bartlesville OCF 24th"]
[Site "Bartlesville"]
[Date "2009.03.15"]
[Round "5"]
[White "Hughes, Devin L"]
[Black "Orton, William R"]
[Result "1/2-1/2"]
[WhiteElo "2013"]
[BlackElo "2162"]
[PlyCount "20"]
[EventDate "2009.03.14"]
[EventType "swiss"]
[EventRounds "5"]
[EventCountry "USA"]
[SourceTitle "CBM 129 Extra"]
[Source "ChessBase"]
[SourceDate "2009.05.05"]
[SourceVersion "2"]
[SourceVersionDate "2009.05.20"]
[SourceQuality "1"]

1. Nf3 c5 2. c4 Nf6 3. g3 b6 4. Bg2 Bb7 5. 0-0 e6 6. Nc3 Be7 7. Re1 0-0 8. e4 d6 9. d4 a6 10. d5 e5 1/2-1/2

[Event "Tulsa Okie Challengers"]
[Site "Tulsa"]
[Date "2008.09.01"]
[Round "6"]
[White "Niggel, Christopher"]
[Black "Orton, William R"]
[Result "1-0"]
[WhiteElo "2129"]
[BlackElo "2166"]
[PlyCount "55"]
[EventDate "2008.08.30"]
[EventType "tourn"]
[EventRounds "7"]
[EventCountry "USA"]
[SourceTitle "CBM 126 Extra"]
[Source "ChessBase"]
[SourceDate "2008.11.05"]
[SourceVersion "1"]
[SourceVersionDate "2008.11.05"]
[SourceQuality "1"]

1. e4 c5 2. Nf3 Nc6 3. Bb5 Na5 4. c3 Nf6 5. e5 Nd5 6. 0-0 Nc7 7. Ba4 b5 8. Bc2 d5 9. d4 Nb7 10. h3 g6 11. Be3 e6 12. Re1 Bd7 13. Nbd2 b4 14. c4 Na5 15. dxc5 Nxc4 16. Nxc4 dxc4 17. Be4 Nd5 18. Bxd5 exd5 19. Qxd5 Be6 20. Qc6+ Bd7 21. Qa6 Be6 22. Ng5 Qc8 23. Qb5+ Qd7 24. c6 Qc7 25. Nxe6 fxe6 26. Qxc4 Kf7 27. Qf4+ Ke8 28. Qf6 1-0

[Event "Bartlesville Phillips 66 op"]
[Site "Bartlesville"]
[Date "2008.04.20"]
[Round "4"]
[White "Berry, James E"]
[Black "Orton, William R"]
[Result "1/2-1/2"]
[WhiteElo "2081"]
[BlackElo "2168"]
[PlyCount "72"]
[EventDate "2008.04.19"]
[EventType "swiss"]
[EventRounds "5"]
[EventCountry "USA"]
[SourceTitle "CBM 123 Extra"]
[Source "ChessBase"]
[SourceDate "2008.05.06"]
[SourceVersion "1"]
[SourceVersionDate "2008.05.06"]
[SourceQuality "1"]

1. e4 c5 2. Nf3 Nc6 3. d4 cxd4 4. Nxd4 e5 5. Nb5 d6 6. N1c3 a6 7. Na3 b5 8. Nd5 Nge7 9. c4 Nd4 10. Be3 Nxd5 11. cxd5 Be7 12. Bxd4 exd4 13. Nc2 Qb6 14. Bd3 0-0 15. 0-0 Bd7 16. f4 f5 17. e5 Bc8 18. e6 Qc5 19. Rc1 Qxd5 20. Nb4 Qxe6 21. Re1 Qd7 22. Nd5 Bd8 23. Bb1 Qf7 24. Qxd4 Bb7 25. Ne3 Bf6 26. Qb6 Rab8 27. Rc7 Bd4 28. Qxd6 Qd5 29. Qxd5+ Bxd5 30. Kf1 Be4 31. Bxe4 fxe4 32. Nd5 Rbd8 33. Ne7+ Kh8 34. Rxe4 Bxb2 35. Ke2 Ba3 36. Nc6 Rc8 1/2-1/2

[Event "Stillwater Winter op"]
[Site "Oklahoma"]
[Date "2008.02.17"]
[Round "4"]
[White "Langer, Mikhail"]
[Black "Orton, William R"]
[Result "1-0"]
[WhiteElo "2314"]
[BlackElo "2158"]
[PlyCount "147"]
[EventDate "2008.02.16"]
[EventType "swiss"]
[EventRounds "7"]
[EventCountry "USA"]
[SourceTitle "CBM 122 Extra"]
[Source "ChessBase"]
[SourceDate "2008.03.04"]
[SourceVersion "1"]
[SourceVersionDate "2008.03.04"]
[SourceQuality "1"]

1. e4 c5 2. Nf3 Nc6 3. d4 cxd4 4. Nxd4 e5 5. Nb5 d6 6. N1c3 a6 7. Na3 b5 8. Nd5 Nge7 9. c4 Nd4 10. Be3 Nxd5 11. cxd5 Be7 12. Bxd4 exd4 13. Nc2 Bf6 14. Bd3 0-0 15. 0-0 Bd7 16. Qd2 Qb6 17. Rfd1 Rfc8 18. Rab1 Rc7 19. Be2 Rac8 20. Nxd4 Bxd4 21. Qxd4 Qxd4 22. Rxd4 Rc2 23. Kf1 f5 24. Bd3 Rd2 25. Ke1 Rcc2 26. Bxc2 Rxd4 27. Ke2 fxe4 28. Ke3 Rc4 29. Bxe4 g6 30. f3 Kf7 31. g4 Kf6 32. h4 h6 33. g5+ hxg5 34. hxg5+ Kg7 35. Rh1 Be8 36. b3 Rc5 37. Rh2 Bf7 38. Kd4 Rc1 39. Ke3 Rg1 40. f4 Re1+ 41. Re2 Rd1 42. Rd2 Re1+ 43. Kd3 Rf1 44. Rc2 Rd1+ 45. Ke2 Ra1 46. Bf3 a5 47. Ke3 a4 48. bxa4 bxa4 49. Rc6 Rxa2 50. Rxd6 Ra3+ 51. Ke4 Rb3 52. Bg4 a3 53. Ra6 Rb5 54. Be6 Bxe6 55. dxe6 Kf8 56. Rxa3 Ke7 57. Ra6 Rb7 58. Rc6 Ra7 59. Rb6 Rc7 60. f5 gxf5+ 61. Kxf5 Rc5+ 62. Kg6 Rc1 63. Kg7 Rg1 64. g6 Rg2 65. Kh7 Rh2+ 66. Kg8 Rg2 67. g7 Rh2 68. Rb7+ Ke8 69. Rf7 Rh1 70. e7 Rh2 71. Rf8+ Kxe7 72. Rf1 Rh3 73. Re1+ Kd7 74. Re4 1-0

[Event "Stillwater Winter op"]
[Site "Oklahoma"]
[Date "2008.02.17"]
[Round "5"]
[White "Orton, William R"]
[Black "Berry, James E"]
[Result "1-0"]
[WhiteElo "2158"]
[BlackElo "2087"]
[PlyCount "35"]
[EventDate "2008.02.16"]
[EventType "swiss"]
[EventRounds "7"]
[EventCountry "USA"]
[SourceTitle "CBM 122 Extra"]
[Source "ChessBase"]
[SourceDate "2008.03.04"]
[SourceVersion "1"]
[SourceVersionDate "2008.03.04"]
[SourceQuality "1"]

1. e4 c6 2. d4 d5 3. exd5 cxd5 4. c4 Nf6 5. Nc3 e6 6. c5 b6 7. b4 a5 8. Bb5+ Bd7 9. Qa4 Qc7 10. Nge2 axb4 11. Bxd7+ Nfxd7 12. Qxa8 bxc3 13. Bf4 Qc6 14. Qa7 bxc5 15. Bxb8 Qb5 16. Bf4 e5 17. Qa8+ Nb8 18. Bxe5 1-0

[Event "Tulsa Okie-A"]
[Site "Tulsa"]
[Date "2007.05.26"]
[Round "1"]
[White "Orton, William R"]
[Black "Jones, Kenneth E"]
[Result "1-0"]
[WhiteElo "2136"]
[BlackElo "2211"]
[PlyCount "69"]
[EventDate "2007.05.26"]
[EventType "tourn"]
[EventRounds "7"]
[EventCountry "USA"]
[SourceTitle "CBM 118 Extra"]
[Source "ChessBase"]
[SourceDate "2007.07.04"]
[SourceVersion "1"]
[SourceVersionDate "2007.07.04"]
[SourceQuality "1"]

1. e4 c5 2. c3 Nf6 3. e5 Nd5 4. d4 cxd4 5. cxd4 d6 6. Nf3 Nc6 7. Bc4 Nb6 8. Bb3 d5 9. Nh4 e6 10. Nf3 Be7 11. 0-0 0-0 12. Nc3 f6 13. Bc2 fxe5 14. Nxe5 Nxe5 15. dxe5 Qe8 16. Qg4 Nc4 17. Qh3 g6 18. Qg3 Bd7 19. b3 Na5 20. Bd2 Rc8 21. Bd3 Nc6 22. Rad1 Nd4 23. Qg4 Nf5 24. Qh3 Bc5 25. Kh1 Bd4 26. Bxf5 Rxf5 27. f4 Qf8 28. Qd3 Bb6 29. Nb5 Bxb5 30. Qxb5 Rc2 31. a4 Rf7 32. Qd3 Qc8 33. g4 Qc6 34. a5 Be3 35. Qxe3 1-0